000 01732ngm a22004330a 4500
001 PT42267
003 AR-LpoUNG
005 20210201235934.0
007 vd cvaizq
008 191001s2007||||ag |||||||||||||||||spa d
037 _c$3.35
040 _aAR-LpoUNG
_bspa
_cAR-LpoUNG
_eaacr
041 _aspa
044 _aag
082 0 _a302.52 457ang
100 1 _aReyero, Pablo
_edir.
245 1 0 _aAngeles caídos
260 _aBuenos Aires :
_bOcéano,
_c2007.
300 _aDVD (64 min.) : son., col.
505 0 _aGuion, direccion y produccion ejecutiva: Pablo Reyero. - Edicion: Rodrigo Caprotti. - Investigacion y produccion periodistica: Eleonora Menutti. - Fotografia y camara: Nicolas Richat, Pablo Gonzalez. - Postproduccion de sonido: Abel Tortorelli, Juan Pablo Lucas. - Sonido directo: Lucas Rubinich, Juan Bernardis.- Produccion: Pablo Reyero, Oceano Films S.A. Con el apoyo de Ciudad Abierta.
520 _aEl film documental se centra en la vida de tres adolescentes habitantes de una villa miseria y dos barrios carenciados de la ciudad de Buenos Aires que a través de la música desarrollan un camino de crecimiento personal y contruyen día a día un espacio y grupo de pertenencia, superando las dificultades de su contexto y los prejuicios sociales.
650 4 _aADOLESCENTES
650 4 _aARGENTINA
650 4 _aCULTURA POPULAR
650 4 _aDESIGUALDAD SOCIAL
650 4 _aJOVENES
650 4 _aJUVENTUD
650 4 _aJUVENTUD URBANA
650 4 _aMUSICA
650 4 _aPOBREZA
650 4 _aPROBLEMAS SOCIALES
651 4 _aArgentina
653 _aCINE ARGENTINO
653 _aDOCUMENTALES
653 _aDVD
653 _aVIDEOS
905 _a42267
942 _cDVD
999 _c53810
_d53810